00505nam a2200193Ii 450000100030000000300090000300800410001202000150005304000330006804100080010108400110010910000180012024500170013826400630015530000120021833600260023033700280025633800270028460CO-ViMGA241108s9999||||xx |||||||||||||| ||und|| a8437613310 aCO-ViMGAbspaerdacCO-ViMGA0 aspa aN MAL21 aJosé Bianco10aLa esperanza 1a[Lugar de publicación no identificado] : Cátedra, 1995 avolumen atextbtxt2rdacontent aunmediatedbn2rdamedia avolumebnc2rdacarrier